| 000 | 01061nam a2200301 a 4500 | ||
|---|---|---|---|
| 001 | 000000022 | ||
| 003 | DO-SdBNP | ||
| 005 | 20210514135704.0 | ||
| 008 | 081124s2017 dr a r 000 0 spa d | ||
| 020 | _a9789945168518 | ||
| 040 |
_aDO-SdBNP _bspa _cBNPHU |
||
| 082 |
_a341.37293 _bP127c 2017 _222 |
||
| 100 | 1 |
_aPáez Piantini, William _d1937 |
|
| 240 | 1 | 0 | _a[Tratados,] |
| 245 | 1 | 0 |
_aColección general de tratados / _cWilliam Páez Piantini. |
| 246 | 1 | 4 | _aIncluye instrumentos diplomáticos concertados con la República Dominicana |
| 260 |
_aSanto Domingo : _bBúho, _c2017. |
||
| 300 |
_a528 p. ; _c24 cm. |
||
| 500 | _aIncluye datos biográficos del autor en la solapa de la cubierta | ||
| 590 | _aInventariado,2021/VM | ||
| 651 | 4 |
_aRepública Dominicana _vTratados. |
|
| 651 | 4 |
_aRepública Dominicana _vTratados internacionales |
|
| 651 | 4 |
_aRepública Dominicana _x Relaciones exteriores _v |
|
| 651 | 4 |
_aRepública Dominicana _xLímites _zHaití |
|
| 651 | 4 |
_aRepública Dominicana _xHistoria |
|
| 910 | _aVMateo | ||
| 942 |
_2ddc _cBK |
||
| 999 |
_c13499 _d13499 |
||